|
|
|
|
| LEADER |
00000nam0a2200000 4500 |
| 001 |
339064 |
| 005 |
20231102005117.0 |
| 035 |
|
|
|a (RuTPU)RU\TPU\book\365570
|
| 090 |
|
|
|a 339064
|
| 100 |
|
|
|a 20171208d1971 km y0rusy50 ca
|
| 101 |
1 |
|
|a rus
|c eng
|
| 102 |
|
|
|a RU
|
| 105 |
|
|
|a a z 001zy
|
| 200 |
1 |
|
|a Системы и руководство (Теория систем и руководство системами)
|d The theory and management of systems
|e пер. с англ.
|f Р. Джонсон, Ф. Каст, Дж. Розенцвейг
|g под ред. Ю. В. Гаврилова, Ю. Т. Печатникова
|
| 205 |
|
|
|a 2-е изд., доп.
|
| 210 |
|
|
|a Москва
|c Советское радио
|d 1971
|
| 215 |
|
|
|a 647 с.
|c ил.
|
| 320 |
|
|
|a Библиогр.: с. 615-639
|
| 320 |
|
|
|a Алфавитный указатель: с. 640-646
|
| 510 |
1 |
|
|a The theory and management of systems
|z eng
|
| 606 |
1 |
|
|a Организация управления
|x Оценка
|2 stltpush
|3 (RuTPU)RU\TPU\subj\47296
|9 66350
|
| 610 |
1 |
|
|a системный подход
|
| 610 |
1 |
|
|a планирование
|
| 610 |
1 |
|
|a организация
|
| 610 |
1 |
|
|a управление
|
| 610 |
1 |
|
|a связь
|
| 610 |
1 |
|
|a функции
|
| 610 |
1 |
|
|a применение
|
| 610 |
1 |
|
|a программы
|
| 610 |
1 |
|
|a обработка данных
|
| 610 |
1 |
|
|a сетевой анализ
|
| 610 |
1 |
|
|a проектирование
|
| 610 |
1 |
|
|a примеры
|
| 610 |
1 |
|
|a компании
|
| 675 |
|
|
|a 651.01
|v 4
|
| 700 |
|
1 |
|a Джонсон
|b Р.
|g Ричард
|
| 701 |
|
1 |
|a Каст
|b Ф.
|g Фримонт
|
| 701 |
|
1 |
|a Розенцвейг
|b Дж.
|g Джеймс
|
| 702 |
|
1 |
|a Гаврилов
|b Ю. В.
|4 340
|
| 702 |
|
1 |
|a Печатников
|b Ю. Т.
|4 340
|
| 801 |
|
1 |
|a RU
|b 63413507
|c 20171208
|
| 801 |
|
2 |
|a RU
|b 63413507
|c 20171211
|g RCR
|
| 942 |
|
|
|c BK
|